Formule 1 - Origines des pilotes de 2025 - Statistiques

Statistiques générales
  • Ce quiz a été pris 733 fois
    310 depuis la dernière actualisation
  • Le résultat moyen est 20 sur 21
Statistiques - réponses
Pilotes Pays % Correct
Fernando Alonso Espagne
99%
Pierre Gasly France
98%
Isack Hadjar France
97%
Yuki Tsunoda Japon
97%
Charles Leclerc Monaco
97%
Oscar Piastri Australie
96%
Carlos Sainz Espagne
96%
Esteban Ocon France
96%
Andrea Kimi Antonelli Italie
96%
Max Verstappen Pays-Bas
96%
Lewis Hamilton Angleterre
94%
Gabriel Bortoleto Brésil
94%
Alex Albon Thaïlande
94%
Nico Hülkenberg Allemagne
93%
Ollie Bearman Angleterre
93%
Lando Norris Angleterre
93%
George Russell Angleterre
93%
Lance Stroll Canada
92%
Franco Colapinto Argentine
90%
Jack Doohan Australie
83%
Liam Lawson Nouvelle-Zélande
80%
Aucun quiz correspondant
Distribution des résultats
% des personnes avec chaque résultat
Percentile par nombre de réponses
Votre historique - résultats
Vous n’avez pas pris ce quiz depuis la dernière actualisation